Direito tributário / (Record no. 594)
[ view plain ]
| 000 -LÍDER | |
|---|---|
| Campo Fixo de Controle | 00994nam a2200253 a 4500 |
| 001 - NÚMERO DE CONTROLE | |
| Campo de Controle | 594 |
| 003 - IDENTIFICAÇÃO DO NÚMERO DE CONTROLE | |
| Campo de Controle | BR-CuiBMT |
| 005 - DATA E HORA DA ÚLTIMA ATUALIZAÇÃO | |
| Campo de Controle | 20231110003604.0 |
| 008 - DADOS FIXOS | |
| Dados Fixos | 231110s2005 spb 001 0 por d |
| 020 ## - INTERNATIONAL STANDARD BOOK NUMBER | |
| Nº do ISBN | 8522441049 |
| 040 ## - AGÊNCIA CATALOGADORA | |
| Código da Agência Catalogadora | BR-CuiBMT |
| Agência que transcreveu o registro | BR-CuiBMT |
| 080 ## - Nº DA CLASSIFICAÇÃO DECIMAL UNIVERSAL | |
| Nº edição CDU | 2007 |
| Nº Class. CDU | 34:336.22 |
| 090 ## - NÚMERO DE CHAMADA | |
| Nº classificação | 34:336.22 |
| Cutter | I16d |
| Ano/Edição | 14. ed. |
| 100 1# - ENTRADA PRINCIPAL -- AUTOR PESSOAL | |
| Nome pessoal | Ichihara, Yoshiaki |
| 245 10 - TÍTULO PRINCIPAL | |
| Título principal | Direito tributário / |
| Indicação de responsabilidade | Yoshiaki Ichihara |
| 250 ## - EDIÇÃO | |
| Edição | 14. ed. |
| 260 ## - PUBLICAÇÃO, DISTRIBUIÇÃO, ETC. | |
| Local de publicação | São Paulo : |
| Editora | Atlas, |
| Data | 2005. |
| 300 ## - DESCRIÇÃO FÍSICA | |
| N. páginas ou volumes | 325 p. ; |
| Dimensões | 24 cm |
| 500 ## - NOTAS GERAIS | |
| Notas gerais | "Atualizado de acordo com as Emendas Constitucionais n. 3, de 17-3-93, 10, de 4-3-96, 12, de 15-8-96, 17, de 22-11-97, 21, de 18-3-99, 29, de 13-9-00, 31, de 18-12-00, 32 de 11-9-01 e 33, de 11-12-01, 37, de 12-6-02, 39, de 19-12-02, 40, de 29-5-03, 41 e 42, de 31-12-03, 44, de 30-6-04, 45, de 8-12-04" |
| 504 ## - NOTA DE BIBLIOGRAFIA, ETC. | |
| Nota de bibliografia | Inclui bibliografia e índice. |
| 650 ## - ASSUNTO TÓPICO | |
| Cabeçalho tópico ou nome geográfico | Direito tributário |
| Subdivisão geográfica | Brasil |
| 650 ## - ASSUNTO TÓPICO | |
| Cabeçalho tópico ou nome geográfico | Direito tributário |
| Subdivisão de forma | Legislação |
| Subdivisão geográfica | Brasil |
| 942 ## - ELEMENTOS DE ENTRADA ADICIONAIS (KOHA) | |
| Fonte de classificação ou esquema de arquivamento | Classificação Decimal Universal |
| Tipo de item do Koha | Livros |
| Estado: removido | Estado: perdido | Fonte de classificação ou esquema de arquivamento | Estado: danificado | Indisponível para empréstimo | Localização permanente | Localização atual | Data de aquisição | Total Checkouts | Número de Chamada completo | Código de barras | Date last seen | Número do exemplar | Preço efetivo a partir de | Tipo de item (Koha) |
|---|---|---|---|---|---|---|---|---|---|---|---|---|---|---|
| Classificação Decimal Universal | Biblioteca da Escola Superior de Contas do TCE/MT | Biblioteca da Escola Superior de Contas do TCE/MT | 10/11/2023 | 34:336.22 I16d 14. ed. | BIBTCEMT23110406 | 10/11/2023 | Ex. 1 | 10/11/2023 | Livros |